[Event "San Cristobal de La Laguna op-B 6th"]
[White "Rodriguez Miranda, Sergio"]
[Black "Oudeh Mishmesh, Lara"]
[Site "San Cristobal de La Laguna"]
[Round "5"]
[Result "1-0"]
[Date "2024.08.27"]
[WhiteElo "1883"]
[BlackElo "1759"]
[PlyCount "139"]
[EventDate "2024.08.24"]
[EventType "swiss"]
[EventRounds "9"]
[EventCountry "ESP"]
[SourceTitle "EXT 2025"]
[Source "ChessBase"]
[SourceDate "2024.10.14"]
[SourceVersion "1"]
[SourceVersionDate "2024.10.14"]
[SourceQuality "1"]

1. d4 d5 2. c4 e6 3. Nc3 Nf6 4. cxd5 exd5 5. Bg5 Nbd7 6. Qc2 Be7 7. e3 c6 8. Bd3 Nf8 9. h3 Nh5 10. Bxe7 Qxe7 11. Nge2 g6 12. 0-0 Ne6 13. f4 Neg7 14. Rf3 f5 15. Rb1 0-0 16. b4 a6 17. Na4 Be6 18. Nb6 Rad8 19. a4 Qc7 20. Qc5 Nf6 21. b5 axb5 22. axb5 Nd7 23. Nxd7 Bxd7 24. bxc6 Qxc6 25. Qxc6 bxc6 26. Rff1 Rfe8 27. Kf2 Re6 28. Ng1 Rde8 29. Rfe1 R6e7 30. Nf3 Ne6 31. Ne5 Nd8 32. Rb8 Kf8 33. Rc1 Nf7 34. Nxd7+ Rxd7 35. Rxe8+ Kxe8 36. Rxc6 Nd6 37. g4 Ke7 38. gxf5 gxf5 39. Ke2 Ke6 40. Kd2 Ke7 41. Ba6 Ne4+ 42. Kc2 Rd6 43. Rxd6 Kxd6 44. Bd3 Ng3 45. Kd2 Ke6 46. Ke1 Nh5 47. Kd2 Ng3 48. Be2 Ne4+ 49. Kc2 Nf6 50. Bd3 Nh5 51. Kc3 Ng3 52. Kb4 Nh5 53. Kc5 Nf6 54. Kc6 Ng8 55. Bc2 Ne7+ 56. Kc5 Kd7 57. Ba4+ Ke6 58. Bc6 h6 59. Bb7 h5 60. Ba8 Ng6 61. Bxd5+ Kd7 62. Bc6+ Ke7 63. Bb7 Kd7 64. d5 Nh4 65. Ba6 Ng2 66. Kd4 Kd6 67. Bd3 Nh4 68. Be2 Ng6 69. Bxh5 Ne7 70. Bf7 1-0

[Event "San Cristobal de La Laguna op-B 6th"]
[White "De la Cruz Perez, Carlos"]
[Black "Oudeh Mishmesh, Lara"]
[Site "San Cristobal de La Laguna"]
[Round "3"]
[Result "1-0"]
[Date "2024.08.25"]
[WhiteElo "1837"]
[BlackElo "1759"]
[PlyCount "79"]
[EventDate "2024.08.24"]
[EventType "swiss"]
[EventRounds "9"]
[EventCountry "ESP"]
[SourceTitle "EXT 2025"]
[Source "ChessBase"]
[SourceDate "2024.10.14"]
[SourceVersion "1"]
[SourceVersionDate "2024.10.14"]
[SourceQuality "1"]

1. e4 e6 2. d4 d5 3. Nc3 Nf6 4. Bg5 Be7 5. e5 Nfd7 6. Bxe7 Qxe7 7. Qg4 g6 8. h4 a6 9. f4 Nc6 10. Nf3 Nb4 11. 0-0-0 c5 12. h5 cxd4 13. Nxd4 Nc5 14. hxg6 fxg6 15. a3 Nc6 16. Bd3 Nxd3+ 17. Rxd3 Qf7 18. Nce2 Bd7 19. Qg5 Ne7 20. Rc3 Bc6 21. g4 Kd7 22. Ng3 Qg8 23. Nge2 Rf8 24. Rch3 Ba4 25. b3 Bc6 26. Qh4 Rf7 27. Qe1 Qd8 28. Nxe6 Qb6 29. Qb4 Qxb4 30. axb4 Bb5 31. N6d4 Rg7 32. Nc3 Nc6 33. Ndxb5 axb5 34. Nxd5 Ke6 35. Nc3 Nxb4 36. Nxb5 Nd5 37. Nd4+ Ke7 38. f5 Kd7 39. f6 Rgg8 40. Rxh7+ 1-0

[Event "Vecindario Montalvo Memorial 15th"]
[White "Oudeh Mishmesh, Lara"]
[Black "Mesa Rodriguez, Antonio"]
[Site "Vecindario"]
[Round "9"]
[Result "1-0"]
[Date "2023.04.09"]
[WhiteElo "1462"]
[BlackElo "1205"]
[PlyCount "55"]
[EventDate "2023.04.02"]
[EventType "swiss"]
[EventRounds "9"]
[EventCountry "ESP"]
[SourceTitle "CBM 213 Extra"]
[Source "ChessBase"]
[SourceDate "2023.05.31"]
[SourceVersion "1"]
[SourceVersionDate "2023.05.31"]
[SourceQuality "1"]

1. d4 d6 2. Bf4 g6 3. e3 Bg7 4. Nf3 Nd7 5. c3 Ngf6 6. h3 0-0 7. Nbd2 Re8 8. Bc4 e5 9. dxe5 Nxe5 10. Bxe5 dxe5 11. Qb3 Qe7 12. 0-0-0 Bf5 13. Ng5 Rf8 14. g4 Bd7 15. Nxf7 Rxf7 16. Qxb7 Qe8 17. Bxf7+ Kxf7 18. Qxc7 Nd5 19. Qb7 Nb6 20. Ne4 Bf8 21. Nd6+ Bxd6 22. Rxd6 Rd8 23. Rhd1 g5 24. Qf3+ Kg8 25. Qf6 h6 26. Qxh6 Qe7 27. Rg6+ Qg7 28. Qxg7# 1-0

[Event "Vecindario Montalvo Memorial 15th"]
[White "Oudeh Mishmesh, Lara"]
[Black "Jablanovic, Sasa"]
[Site "Vecindario"]
[Round "2"]
[Result "1/2-1/2"]
[Date "2023.04.02"]
[WhiteElo "1462"]
[BlackElo "1685"]
[PlyCount "123"]
[EventDate "2023.04.02"]
[EventType "swiss"]
[EventRounds "9"]
[EventCountry "ESP"]
[SourceTitle "CBM 213 Extra"]
[Source "ChessBase"]
[SourceDate "2023.05.31"]
[SourceVersion "1"]
[SourceVersionDate "2023.05.31"]
[SourceQuality "1"]

1. d4 d5 2. Bf4 Nf6 3. e3 Bf5 4. c3 e6 5. Qb3 Qc8 6. Nf3 Be7 7. Nbd2 h6 8. Be2 0-0 9. Rc1 Nh5 10. Bg3 Nxg3 11. hxg3 b6 12. c4 Qd8 13. cxd5 exd5 14. Qc3 Bd6 15. Bd3 Bxd3 16. Qxd3 c5 17. g4 c4 18. Qf5 Be7 19. Ne5 Bf6 20. f4 Qc8 21. Qh5 Bxe5 22. dxe5 f6 23. g5 fxg5 24. fxg5 Qf5 25. Nf3 Nc6 26. gxh6 Qxh5 27. Rxh5 gxh6 28. a3 Kg7 29. Rd1 Ne7 30. Rd4 Kg6 31. Rh3 h5 32. g4 hxg4 33. Rxg4+ Kf5 34. Rf4+ Ke6 35. Rh6+ Kd7 36. Rd6+ Ke8 37. Nd4 Rc8 38. Kd2 Rg8 39. Re6 Kd7 40. Rf7 Rge8 41. Rd6+ Kc7 42. Ne6+ Kb8 43. Rd7 Nc6 44. Rb7+ Ka8 45. Nd4 Rxe5 46. Nxc6 Rxc6 47. Rxa7+ Kb8 48. Rad7 Kc8 49. Ra7 Kb8 50. Rfb7+ Kc8 51. Rf7 Kb8 52. Ra6 Rce6 53. Rf3 Kb7 54. Ra4 b5 55. Rb4 Ka6 56. a4 Rb6 57. Rxb5 Rxb5 58. axb5+ Kxb5 59. Rf8 Kb4 60. Rb8+ Kc5 61. Rc8+ Kb4 62. b3 1/2-1/2

[Event "Tenerife-chT Segunda"]
[White "Baez Luis, Adrian"]
[Black "Oudeh Mishmesh, Lara"]
[Site "Tenerife"]
[Round "10.1"]
[Result "1-0"]
[Date "2022.04.30"]
[WhiteElo "1656"]
[BlackElo "1392"]
[PlyCount "79"]
[EventDate "2022.01.29"]
[EventType "team-tourn"]
[EventRounds "14"]
[EventCountry "ESP"]
[SourceTitle "EXT 2024"]
[Source "ChessBase"]
[SourceDate "2023.10.10"]
[SourceVersion "1"]
[SourceVersionDate "2023.10.10"]
[SourceQuality "1"]
[WhiteTeam "Ebano Barrio Nuevo III"]
[BlackTeam "Al Shah Mat Los Realejos III"]
[WhiteTeamCountry "ESP"]
[BlackTeamCountry "ESP"]

1. e4 e6 2. Qe2 Ne7 3. Nf3 b6 4. g3 Bb7 5. Bg2 d5 6. d3 g6 7. 0-0 Bg7 8. Nbd2 0-0 9. Rd1 c5 10. h4 Nbc6 11. h5 Ba6 12. c4 Re8 13. Rb1 Qc7 14. b3 Rad8 15. Bb2 d4 16. Ng5 h6 17. Nh3 e5 18. hxg6 fxg6 19. Kh2 Bc8 20. Rh1 Qd6 21. f3 Rf8 22. Nf2 Rf7 23. Bh3 Bxh3 24. Kxh3 g5 25. Kg2 Qg6 26. Rh2 Bf8 27. Rbh1 Rd6 28. Ng4 Rh7 29. Rh5 Nd8 30. Nxe5 Qf6 31. Ng4 Qg6 32. e5 Re6 33. Ne4 Bg7 34. Nxg5 Nf5 35. Nxe6 Nxe6 36. Bc1 Kf7 37. Qe4 Ne7 38. Qxg6+ Nxg6 39. f4 Ne7 40. f5 1-0

[Event "Tenerife-ch"]
[White "Oudeh Mishmesh, Lara"]
[Black "Rama Loriente, Jesus"]
[Site "Santa Cruz"]
[Round "7"]
[Result "1-0"]
[Date "2021.06.04"]
[WhiteElo "1284"]
[BlackElo "1061"]
[PlyCount "65"]
[EventDate "2021.05.21"]
[EventType "swiss"]
[EventRounds "7"]
[EventCountry "ESP"]
[SourceTitle "CBM 203 Extra"]
[Source "ChessBase"]
[SourceDate "2021.09.30"]
[SourceVersion "1"]
[SourceVersionDate "2021.09.30"]
[SourceQuality "1"]

1. d4 d5 2. Bf4 Nf6 3. e3 e6 4. c3 Bd6 5. Bg3 0-0 6. Bd3 b6 7. Qc2 g6 8. Nf3 Ne4 9. Bxe4 a5 10. Bd3 Nd7 11. h4 Ba6 12. h5 Bxd3 13. Qxd3 g5 14. h6 f6 15. e4 Bxg3 16. fxg3 c5 17. c4 dxc4 18. Qxc4 Re8 19. d5 b5 20. Qd3 c4 21. Qd2 Nc5 22. Nc3 Qd6 23. 0-0-0 Nd3+ 24. Kb1 Rab8 25. e5 Nxe5 26. Nxe5 Qxe5 27. Rhe1 Qf5+ 28. Ka1 Qd3 29. Qf2 Qg6 30. Rxe6 Rxe6 31. dxe6 Re8 32. Rd7 Rxe6 33. Rg7+ 1-0

[Event "Tenerife-chT Primera"]
[White "Oudeh Mishmesh, Lara"]
[Black "Gonzalez Miranda, Alejandro"]
[Site "Tenerife"]
[Round "7.4"]
[Result "1-0"]
[Date "2021.05.29"]
[WhiteElo "1434"]
[BlackElo "1280"]
[PlyCount "66"]
[EventDate "2021.02.27"]
[EventType "team-tourn"]
[EventRounds "14"]
[EventCountry "ESP"]
[SourceTitle "EXT 2023"]
[Source "ChessBase"]
[SourceDate "2022.10.05"]
[SourceVersion "1"]
[SourceVersionDate "2022.10.05"]
[SourceQuality "1"]
[WhiteTeam "Al Shah Mat Los Realejos II"]
[BlackTeam "Santa Ursula Badnor"]
[WhiteTeamCountry "ESP"]
[BlackTeamCountry "ESP"]

1. d4 d5 2. Bf4 Bf5 3. e3 e6 4. c3 c5 5. Qb3 Qb6 6. Qxb6 axb6 7. Na3 Nc6 8. Nb5 Kd7 9. Nf3 Nf6 10. Be2 Be7 11. h3 c4 12. Ne5+ Nxe5 13. dxe5 Ne8 14. 0-0 g5 15. Bh2 h5 16. Bg3 h4 17. Bh2 Nc7 18. Nd4 Rag8 19. f3 b5 20. a3 Bc5 21. Rad1 Bxd4 22. Rxd4 Kc6 23. e4 Bh7 24. Kh1 Bg6 25. Bd1 Bh5 26. a4 b6 27. b3 bxa4 28. bxc4 Ra8 29. cxd5+ exd5 30. Bxa4+ b5 31. Bb3 Rhd8 32. Rfd1 Ra3 33. Bxd5+ Kc5 1-0

[Event "Tenerife-ch"]
[White "Exposito Cruz, David"]
[Black "Oudeh Mishmesh, Lara"]
[Site "Santa Cruz"]
[Round "4"]
[Result "1/2-1/2"]
[Date "2021.05.28"]
[WhiteElo "1446"]
[BlackElo "1284"]
[PlyCount "35"]
[EventDate "2021.05.21"]
[EventType "swiss"]
[EventRounds "7"]
[EventCountry "ESP"]
[SourceTitle "CBM 203 Extra"]
[Source "ChessBase"]
[SourceDate "2021.09.30"]
[SourceVersion "1"]
[SourceVersionDate "2021.09.30"]
[SourceQuality "1"]

1. d4 Nf6 2. c4 g6 3. Nc3 Bg7 4. e4 d6 5. Nge2 0-0 6. f3 c6 7. Be3 Nbd7 8. Qd2 e5 9. g4 exd4 10. Nxd4 Ne5 11. Be2 Qe7 12. 0-0-0 Rd8 13. h4 Be6 14. h5 Bxc4 15. hxg6 fxg6 16. Bh6 c5 17. g5 Nh5 18. Nd5 1/2-1/2

[Event "Tenerife-chT Primera"]
[White "Oudeh Mishmesh, Lara"]
[Black "Lugo Lugo, Vladimiro"]
[Site "Tenerife"]
[Round "2.3"]
[Result "0-1"]
[Date "2021.03.06"]
[WhiteElo "1434"]
[BlackElo "1282"]
[PlyCount "72"]
[EventDate "2021.02.27"]
[EventType "team-tourn"]
[EventRounds "14"]
[EventCountry "ESP"]
[SourceTitle "EXT 2023"]
[Source "ChessBase"]
[SourceDate "2022.10.05"]
[SourceVersion "1"]
[SourceVersionDate "2022.10.05"]
[SourceQuality "1"]
[WhiteTeam "Al Shah Mat Los Realejos II"]
[BlackTeam "Playa San Juan"]
[WhiteTeamCountry "ESP"]
[BlackTeamCountry "ESP"]

1. d4 d5 2. Bf4 Nf6 3. e3 Nc6 4. Nf3 Bg4 5. Bb5 e6 6. h3 Bh5 7. g4 Bg6 8. Ne5 Nd7 9. Bxc6 bxc6 10. Nxc6 Qc8 11. c3 Bd6 12. Ne5 Nxe5 13. dxe5 Be7 14. Qa4+ c6 15. Nd2 0-0 16. h4 f5 17. h5 Be8 18. g5 c5 19. Qd1 Bc6 20. Rg1 a5 21. b3 Qb7 22. g6 h6 23. Qe2 Rad8 24. Rc1 Rc8 25. c4 d4 26. exd4 cxd4 27. Qd3 Bc5 28. Rg3 Rfd8 29. Ke2 Be4 30. Nxe4 fxe4 31. Qd1 d3+ 32. Kf1 Rf8 33. Qg4 Qb6 34. Rd1 Bxf2 35. c5 Bxc5 36. Rg2 Be3 0-1

[Event "Tenerife U2000 1st"]
[White "Oudeh Mishmesh, Lara"]
[Black "Baez Luis, Adrian"]
[Site "Tenerife"]
[Round "4"]
[Result "0-1"]
[Date "2021.01.30"]
[WhiteElo "1434"]
[BlackElo "1622"]
[PlyCount "40"]
[EventDate "2021.01.23"]
[EventType "tourn"]
[EventRounds "9"]
[EventCountry "ESP"]
[SourceTitle "CBM 200 Extra"]
[Source "ChessBase"]
[SourceDate "2021.03.31"]
[SourceVersion "1"]
[SourceVersionDate "2021.03.31"]
[SourceQuality "1"]

1. d4 Nf6 2. Nf3 e6 3. Bf4 c5 4. c3 d5 5. e3 Nc6 6. Nbd2 Nh5 7. Bg5 f6 8. Bf4 Nxf4 9. exf4 cxd4 10. Nxd4 Nxd4 11. cxd4 Qb6 12. Nb3 Bb4+ 13. Ke2 0-0 14. Kf3 e5 15. g3 exf4 16. h4 Bg4+ 17. Kxg4 Qe6+ 18. Kf3 Qe4+ 19. Kg4 f5+ 20. Kh5 Qe6 0-1

[Event "Tenerife U2000 1st"]
[White "Oudeh Mishmesh, Lara"]
[Black "Mamani Beltran, Daniel"]
[Site "Tenerife"]
[Round "2"]
[Result "0-1"]
[Date "2021.01.23"]
[WhiteElo "1434"]
[BlackElo "1835"]
[PlyCount "84"]
[EventDate "2021.01.23"]
[EventType "tourn"]
[EventRounds "9"]
[EventCountry "ESP"]
[SourceTitle "CBM 200 Extra"]
[Source "ChessBase"]
[SourceDate "2021.03.31"]
[SourceVersion "1"]
[SourceVersionDate "2021.03.31"]
[SourceQuality "1"]

1. d4 d5 2. Bf4 Bf5 3. e3 e6 4. c3 Nc6 5. Nf3 Bd6 6. Bg3 Nf6 7. Bb5 0-0 8. Nbd2 Ne7 9. c4 a6 10. Ba4 dxc4 11. Bc2 Bxc2 12. Qxc2 b5 13. a3 Ng6 14. Ne5 c5 15. Nxg6 hxg6 16. Nf3 cxd4 17. Nxd4 e5 18. Nf3 Qe7 19. Rd1 Rfd8 20. 0-0 Rd7 21. Bh4 Rad8 22. h3 Qe6 23. Rd2 Qf5 24. Qxf5 gxf5 25. Bxf6 gxf6 26. Rfd1 e4 27. Nd4 Be5 28. Kf1 f4 29. Ke2 fxe3 30. fxe3 f5 31. Nxf5 Rxd2+ 32. Rxd2 Rxd2+ 33. Kxd2 Bxb2 34. Nd6 Bxa3 35. Nxe4 a5 36. Kc3 Bb4+ 37. Kc2 Bf8 38. g4 b4 39. h4 a4 40. g5 Bg7 41. h5 b3+ 42. Kb1 a3 0-1

[Event "Canarias-chT Honor"]
[White "Oudeh Mishmesh, Lara"]
[Black "Perez Perez, Alejandro"]
[Site "Spain"]
[Round "8.4"]
[Result "0-1"]
[Date "2020.07.11"]
[WhiteElo "1440"]
[BlackElo "1362"]
[PlyCount "80"]
[EventDate "2020.01.11"]
[EventType "team-tourn"]
[EventRounds "9"]
[EventCountry "ESP"]
[SourceTitle "EXT 2021"]
[Source "ChessBase"]
[SourceDate "2020.10.23"]
[SourceVersion "1"]
[SourceVersionDate "2020.10.23"]
[SourceQuality "1"]
[WhiteTeam "Los Realejos Shah Mat"]
[BlackTeam "Herbania"]
[WhiteTeamCountry "ESP"]
[BlackTeamCountry "ESP"]

1. d4 f5 2. Bf4 Nf6 3. e3 e6 4. c3 b6 5. Nf3 Bb7 6. h3 Nc6 7. Nbd2 Ne7 8. Bg5 Ng6 9. Ne5 Be7 10. Ndf3 Nxe5 11. Nxe5 0-0 12. h4 Ne4 13. Bxe7 Qxe7 14. Rh3 f4 15. f3 Ng3 16. e4 d6 17. Nd3 Rf6 18. Qd2 Raf8 19. 0-0-0 Ba6 20. h5 Rh6 21. Be2 Bxd3 22. Bxd3 Rxh5 23. Rxh5 Nxh5 24. Rh1 Ng3 25. Rh3 g6 26. Bc4 Kg7 27. b4 c5 28. bxc5 bxc5 29. a4 e5 30. d5 Rb8 31. Qc2 g5 32. Bb5 Qc7 33. Kd1 c4 34. Ke1 Rb6 35. Qf2 a6 36. Qb2 axb5 37. a5 Ra6 38. Qxb5 Rxa5 39. Qc6 Ra1+ 40. Kd2 Qa7 0-1

[Event "Tenerife-chT Segunda-A 1819"]
[White "Oudeh Mishmesh, Lara"]
[Black "Sala Marin, Antonio Javier"]
[Site "Tenerife"]
[Round "14.2"]
[Result "0-1"]
[Date "2019.04.27"]
[WhiteElo "1399"]
[BlackElo "1632"]
[PlyCount "44"]
[EventDate "2018.11.24"]
[EventType "team-tourn"]
[EventRounds "14"]
[EventCountry "ESP"]
[SourceTitle "EXT 2021"]
[Source "ChessBase"]
[SourceDate "2020.10.23"]
[SourceVersion "1"]
[SourceVersionDate "2020.10.23"]
[SourceQuality "1"]
[WhiteTeam "Al Shah Mat Los Realejos"]
[BlackTeam "Laguna Cotolec"]
[WhiteTeamCountry "ESP"]
[BlackTeamCountry "ESP"]

1. d4 d5 2. Bf4 Bf5 3. e3 Nf6 4. Nd2 e6 5. Ngf3 Bd6 6. Bg3 Ne4 7. c3 Nd7 8. Be2 Qe7 9. a3 a6 10. c4 Nxg3 11. hxg3 c6 12. c5 Bc7 13. Nh4 Qf6 14. Qb3 Rb8 15. Nxf5 exf5 16. Nf3 g6 17. 0-0 b6 18. Bxa6 bxc5 19. Qc3 c4 20. Qc2 Rb6 21. Bxc4 dxc4 22. Qxc4 0-0 0-1

[Event "Tenerife-chT Segunda-A 1819"]
[White "Oudeh Mishmesh, Lara"]
[Black "Baez Luis, Adrian"]
[Site "Tenerife"]
[Round "11.1"]
[Result "0-1"]
[Date "2019.03.23"]
[WhiteElo "1399"]
[BlackElo "1667"]
[PlyCount "57"]
[EventDate "2018.11.24"]
[EventType "team-tourn"]
[EventRounds "14"]
[EventCountry "ESP"]
[SourceTitle "CBM 189 Extra"]
[Source "ChessBase"]
[SourceDate "2019.05.31"]
[SourceVersion "1"]
[SourceVersionDate "2019.05.31"]
[SourceQuality "1"]
[WhiteTeam "Al Shah Mat Los Realejos"]
[BlackTeam "El Sauzal Libreria Barco"]
[WhiteTeamCountry "ESP"]
[BlackTeamCountry "ESP"]

1. d4 Nf6 2. Bf4 e6 3. e3 c5 4. c3 Nc6 5. Nf3 d5 6. Nbd2 Bd6 7. Bg3 Qe7 8. Bb5 Nd7 9. Ne5 Ncxe5 10. dxe5 Bb8 11. Nf3 a6 12. Be2 b5 13. a4 b4 14. c4 Bb7 15. b3 0-0 16. Qc2 h6 17. Rd1 Rc8 18. Qd2 a5 19. cxd5 exd5 20. Qb2 Bc6 21. 0-0 Re8 22. Rc1 Nb6 23. Qc2 c4 24. bxc4 Bxa4 25. Qb2 dxc4 26. Bxc4 Nxc4 27. Rxc4 Bb5 28. Rcc1 Bxf1 29. Rxf1 0-1

[Event "Tenerife-chT Segunda 1718"]
[White "Montilla Bejarano, Carmen"]
[Black "Oudeh Mishmesh, Lara"]
[Site "Tenerife"]
[Round "14.4"]
[Result "0-1"]
[Date "2018.04.07"]
[WhiteElo "1165"]
[BlackElo "1169"]
[PlyCount "86"]
[EventDate "2017.11.11"]
[EventType "team-tourn"]
[EventRounds "14"]
[EventCountry "ESP"]
[SourceTitle "EXT 2019"]
[Source "ChessBase"]
[SourceDate "2018.10.10"]
[SourceVersion "1"]
[SourceVersionDate "2018.10.10"]
[SourceQuality "1"]
[WhiteTeam "Circulo de Amistad XII Enero"]
[BlackTeam "Al Shah Mat Los Realejos "]
[WhiteTeamCountry "ESP"]
[BlackTeamCountry "ESP"]

1. e4 e6 2. Nc3 Bc5 3. d4 Bb6 4. Be3 d5 5. Be2 Nc6 6. Nf3 Nf6 7. Bb5 Nxe4 8. Bxc6+ bxc6 9. Nxe4 dxe4 10. Ne5 Bb7 11. c3 Qd6 12. Qg4 g6 13. Qxe4 f6 14. Ng4 f5 15. Nf6+ Kf7 16. Qh4 Qe7 17. Bg5 h6 18. Bxh6 Qxf6 19. Qf4 Rae8 20. 0-0 Reg8 21. Bg5 Qg7 22. Rfe1 Re8 23. a4 a5 24. Re5 Rh5 25. g4 Rh3 26. Kg2 Rd3 27. Bh6 c5+ 28. Kg1 Qh8 29. h4 Rf3 30. Qg5 cxd4 31. Rae1 d3 32. h5 Bxf2+ 33. Kh2 Bg3+ 34. Kg1 Qf6 35. Qxg6+ Qxg6 36. hxg6+ Kxg6 37. Rxe6+ Rxe6 38. Rxe6+ Kh7 39. Bd2 Bf4 40. Re7+ Kg6 41. Be1 d2 42. Bxd2 Bxd2 43. Rxc7 Be3+ 0-1